Größte Freizeitparks Deutschland Top Ten - Statistiken

Allgemein
  • Dieses Quiz wurde 706 mal gespielt
  • Das Durchschnittsergebnis liegt bei 6 aus 10
Antwortstatistiken
Platz Names des Parks % Korrekt
1 Europapark
95%
4 Heidepark
88%
2 Phantasialand
79%
5 Movie Park
61%
6 Hansapark
60%
3 Legoland
60%
7 Tripsdrill
44%
9 Holiday Park
43%
8 Belantis
31%
10 Allgäu Skyline Park
4%
Keine übereinstimmenden Quizze gefunden
Verteilung der Resultate
Anzahl Personen mit jedem Resultat
Perzentil nach korrekt beantworteten Fragen
Ihre Resultats-Entwicklung
Sie haben dieses Quiz noch nicht gespielt